Bytový dom

Enregistré dans:
Détails bibliographiques
Auteur principal: Szamotná, Tünde (Auteur)
Autres auteurs: Ďubek, Marek (Directeur de thèse)
Format: Manuscrit Livre
Langue:slovaque
Publié: 2019
Sujets:
Accès en ligne:http://is.stuba.sk/zp/portal_zp.pl?podrobnosti=152875
https://opac.crzp.sk/?fn=detailBiblioForm&sid=F8FE310152E9D1F1E8134241F7FB
Tags: Ajouter un tag
Pas de tags, Soyez le premier à ajouter un tag!

MARC

LEADER 00000ntm a22000003a 4500
001 stuzp74031
003 SK-STU
005 20230523095004.3
007 ta
008 150427s2015----xo-----f-mn---000-0-slo-d
040 |a STU  |b slo 
041 0 |a slo 
100 1 |a Szamotná, Tünde  |u 010270  |4 aut  |U SvF Stavebná fakulta  |T SvF Katedra technológie stavieb  |X 75737  |U V270  |Y 28  |7 75737 
242 0 1 |a Apartment House  |y eng 
245 1 0 |a Bytový dom 
260 |c 2019 
650 4 |a Bytový dom  |2 slo 
650 4 |a Suché podlahy  |2 slo 
650 4 |a Stavba  |2 slo 
650 4 |a Stavenisko  |2 slo 
650 4 |a Flat house  |2 eng 
650 4 |a Dry floors  |2 eng 
650 4 |a Building  |2 eng 
650 4 |a Construction site  |2 eng 
700 1 |a Ďubek, Marek  |u 010270  |k Z1  |4 ths  |U SvF Stavebná fakulta  |T SvF Katedra technológie stavieb  |X 20818  |U V270  |Y 28  |7 A000020818 
856 4 |u http://is.stuba.sk/zp/portal_zp.pl?podrobnosti=152875 
856 4 |u https://opac.crzp.sk/?fn=detailBiblioForm&sid=F8FE310152E9D1F1E8134241F7FB